UBT Library

Learning in Venture Creating : (Record no. 254)

000 -LEADER
fixed length control field 00671nam a22001817a 4500
008 - FIXED-LENGTH DATA ELEMENTS--GENERAL INFORMATION
fixed length control field 131111b xxu||||| |||| 00| 0 ger d
020 ## - INTERNATIONAL STANDARD BOOK NUMBER
International Standard Book Number 3854284586
041 0# - LANGUAGE CODE
Language code of text/sound track or separate title ger
080 ## - UNIVERSAL DECIMAL CLASSIFICATION NUMBER
Universal Decimal Classification number 334.723
100 1# - Rafti
Rafti Seiwald, Johann
245 10 - TITLE STATEMENT
Title Learning in Venture Creating :
Statement of responsibility, etc Johann Seiwald
260 ## -
-- Wien :
-- Facultas ;
-- 2003.
300 ## -
-- 314 f. :
-- 24 cm.
490 ## -
-- "Forschungsergebnisse der wirtschaftsuniversitat Wien "
505 ## -
-- Literaturverzeichnis : f. [293] - 314
650 ## -
-- Ndërmarrjet e biznesit
942 ## - ADDED ENTRY ELEMENTS (KOHA)
Source of classification or shelving scheme
Item type Books
Holdings
Withdrawn status Lost status Source of classification or shelving scheme Damaged status Not for loan Collection code Permanent location Current location Shelving location Date acquired Total Checkouts Full call number Barcode Date last seen Koha item type
          Koleksioni i përgjithshem UBT - Prishtine UBT - Prishtine Koleksioni i përgjithshem 11/11/2013   334.723 SEI 001-000300 11/11/2013 Books
UBT Library © 2015-2024. All rights reserved University Education for Business and Technology